El Indigenismo en dialogo/ (Record no. 2144)

MARC details
000 -LEADER
campo de control de longitud fija 00696nam a22002057a 4500
003 - IDENTIFICADOR DE NÚMERO DE CONTROL
campo de control OSt
005 - FECHA Y HORA DE LA ÚLTIMA TRANSACCIÓN
campo de control 20220929222415.0
008 - DATOS DE LONGITUD FIJA--INFORMACIÓN GENERAL
campo de control de longitud fija 220929b |||||||| |||| 00| 0 eng d
020 ## - NÚMERO INTERNACIONAL ESTÁNDAR DEL LIBRO
Número Internacional Estándar del Libro 84-89152-47-0
040 ## - FUENTE DE CATALOGACIÓN
Centro/agencia transcriptor Biblioteca Lado V
082 ## - NÚMERO DE LA CLASIFICACIÓN DECIMAL DEWEY
Número de clasificación 708
Número de ítem H557i
100 ## - ENTRADA PRINCIPAL--NOMBRE DE PERSONA
9 (RLIN) 34
Nombre de persona Hernandez Rodriguez, Maria Candelaria
Término indicativo de función/relación curadora
245 ## - MENCIÓN DEL TÍTULO
Título El Indigenismo en dialogo/
Resto del título Canarias-Americas/
260 ## - PUBLICACIÓN, DISTRIBUCIÓN, ETC.
Lugar de publicación, distribución, etc. España
Nombre del editor, distribuidor, etc. La Caja de Canarias
Fecha de publicación, distribución, etc. 2001
300 ## - DESCRIPCIÓN FÍSICA
Extensión 350p.
Dimensiones 24x28cm
650 ## - PUNTO DE ACCESO ADICIONAL DE MATERIA--TÉRMINO DE MATERIA
Fuente del encabezamiento o término Tesauro de Arte & Arquitectura
Término de materia o nombre geográfico como elemento de entrada PINTURA
650 ## - PUNTO DE ACCESO ADICIONAL DE MATERIA--TÉRMINO DE MATERIA
Fuente del encabezamiento o término Tesauro de Arte & Arquitectura
Término de materia o nombre geográfico como elemento de entrada ARTE
650 ## - PUNTO DE ACCESO ADICIONAL DE MATERIA--TÉRMINO DE MATERIA
Fuente del encabezamiento o término Tesauro de Arte & Arquitectura
Término de materia o nombre geográfico como elemento de entrada FIGURAS INDIGENAS
942 ## - ELEMENTOS DE ENTRADA SECUNDARIOS (KOHA)
Fuente del sistema de clasificación o colocación Clasificación Decimal Dewey
Tipo de ítem Koha Libros
Parte de la signatura que corresponde a la clasificación (Parte de la clasificación) 708
Parte de la signatura que identifica el ejemplar (Parte del ítem) H557i
Suprimir en OPAC No
Holdings
Estatus retirado Estado de pérdida Fuente del sistema de clasificación o colocación Estado de daño No para préstamo Biblioteca de origen Biblioteca actual Fecha de adquisición Número de inventario Total de préstamos Signatura topográfica completa Código de barras Visto por última vez Precio de reemplazo Tipo de ítem Koha
    Clasificación Decimal Dewey     Biblioteca LadoV Biblioteca LadoV 29/09/2022 001515   708 H557i 001515 29/09/2022 29/09/2022 Libros